=LDR 00000nam 2200000 4500 =001 NUTBA000000000002238 =005 20200130080949 =035 ##$$a 0010-061400000000181 =008 200130################g##########0#ind## =020 ##$$a 979-534-416-2 =040 ##$$a NBPDMAT =082 ##$$a 005.369 =090 ##$$a 005.369 $b Eka k =100 ##$$a Eko Sujatmiko =245 1#$$a Komputer si mesin pintar /$c Eko Sujatmiko =260 ##$$a Bandung :$b Pakar raya,$c 2007 =300 ##$$a iv, 60 hlm. : $b ilus. ; $c 28 cm. =650 #4$$a Program Komputer =850 ##$$a NBPDMAT =084 ##$$a 005.369 EKO k =990 ##$$a 21401292 =990 ##$$a 21401293 =990 ##$$a 21401294 =990 ##$$a 21401295 =990 ##$$a 21401296 =990 ##$$a 21401296 =990 ##$$a 21401292 =990 ##$$a 21401293 =990 ##$$a 21401294 =990 ##$$a 21401295 =990 ##$$a 21401294 =990 ##$$a 21401292 =990 ##$$a 21401293 =990 ##$$a 21401295 =990 ##$$a 21401296 =990 ##$$a 21401294 =990 ##$$a 21401292 =990 ##$$a 21401293 =990 ##$$a 21401295 =990 ##$$a 21401296 =990 ##$$a 21401293 =990 ##$$a 21401292 =990 ##$$a 21401294 =990 ##$$a 21401295 =990 ##$$a 21401296 =990 ##$$a 21401292 =990 ##$$a 21401293 =990 ##$$a 21401294 =990 ##$$a 21401295 =990 ##$$a 21401296